Aldebert de Chamisso, L’Etrange histoire de Peter Schlemihl (Peter Schlemihls wundersame Geschiste, 1814), Présentation et notes de Marie-France Azéma, Le Livre de poche, 2004, 126 pages. (notice n° 1547671)
[ vue normale ]
| 000 -LEADER | |
|---|---|
| fixed length control field | 00590cam a2200145 4500500 |
| 005 - DATE AND TIME OF LATEST TRANSACTION | |
| control field | 20251012032551.0 |
| 041 ## - LANGUAGE CODE | |
| Language code of text/sound track or separate title | fre |
| 042 ## - AUTHENTICATION CODE | |
| Authentication code | dc |
| 100 10 - MAIN ENTRY--PERSONAL NAME | |
| Personal name | Sesé, Bernard |
| Relator term | author |
| 245 00 - TITLE STATEMENT | |
| Title | Aldebert de Chamisso, L’Etrange histoire de Peter Schlemihl (Peter Schlemihls wundersame Geschiste, 1814), Présentation et notes de Marie-France Azéma, Le Livre de poche, 2004, 126 pages. |
| 260 ## - PUBLICATION, DISTRIBUTION, ETC. | |
| Date of publication, distribution, etc. | 2005.<br/> |
| 500 ## - GENERAL NOTE | |
| General note | 45 |
| 786 0# - DATA SOURCE ENTRY | |
| Note | Sigila | 16 | 2 | 2005-12-20 | p. 217-218 | 1286-1715 |
| 856 41 - ELECTRONIC LOCATION AND ACCESS | |
| Uniform Resource Identifier | <a href="https://shs.cairn.info/revue-sigila-2005-2-page-217?lang=fr&redirect-ssocas=7080">https://shs.cairn.info/revue-sigila-2005-2-page-217?lang=fr&redirect-ssocas=7080</a> |
Pas d'exemplaire disponible.




Réseaux sociaux